MARC

LEADER 00000nam0a2200000 4500
001 304505
005 20231102001716.0
020 |a RU  |b 83-50906 
035 |a (RuTPU)RU\TPU\book\329752 
090 |a 304505 
100 |a 20150915d1983 k y0rusy5003 ca 
101 0 |a rus 
102 |a RU 
105 |a a z 001zy 
200 1 |a Надежность строительных машин  |f Г. П. Гриневич [и др.] 
205 |a 2-е изд., перераб. и доп. 
210 |a Москва  |c Стройиздат  |d 1983 
215 |a 296 с.  |c ил. 
320 |a Библиогр.: с. 294-295 
606 |a Строительные машины  |x Надежность  |2 stltpush  |3 (RuTPU)RU\TPU\subj\57596  |9 75454 
610 0 |a Строительные машины - Надежность 
610 1 |a работоспособность 
610 1 |a отказы 
610 1 |a обеспечение 
610 1 |a проектирование 
610 1 |a издание 
610 1 |a эксплуатация 
610 1 |a силовые установки 
610 1 |a расчет на прочность 
610 1 |a испытания 
610 1 |a техническое обслуживание 
675 |a 69.002.51-192  |v 3 
701 1 |a Гриневич  |b Г. П.  |g Георгий Петрович 
701 1 |a Каменская  |b Е. А.  |g Екатерина Алексеевна 
701 1 |a Алферов  |b А. К.  |g Алексей Константинович 
701 1 |a Златопольский  |b А. В.  |g Алексей Владимирович 
801 0 |a RU  |b RuMRKP  |c 19950704  |g psbo 
801 1 |a RU  |b 63413507  |c 20150915 
801 2 |a RU  |b 63413507  |c 20180622  |g RCR 
942 |c BK